| 000 | 00797nam a2200229 a 4500 | ||
|---|---|---|---|
| 001 | 000339670 | ||
| 003 | AM-YeHGA | ||
| 005 | 20250618072123.0 | ||
| 008 | 040602s1974 ai a|||gr|||||||||1|arm|d | ||
| 040 | _aAM-YeHGA | ||
| 041 | 0 | _aarm | |
| 080 | _aAp2 | ||
| 090 | _aՀ-84 | ||
| 100 | 1 |
_aՀովենց, Միսաք Մկրտչի, _d1938-2004 _99427 |
|
| 245 | 1 | 0 |
_aԱռավոտ : _b[Բանաստեղծություններ] / _cՄ.Մ. Հովենց ; խմբ.՝ Հ.Թ. Կարճիկյան. |
| 260 |
_aԵրևան : _bՀայաստան, _c1974. |
||
| 300 |
_a76 էջ : _b1 թ. դիմանկ. ; _c14 սմ. |
||
| 650 | 1 | 4 |
_aՀայ գրականություն _xՊոեզիա |
| 700 | 1 |
_aԿարճիկյան, Համլետ Թորգոմի, _d1936-2022 _eխմբ. _4edt _91475 |
|
| 942 |
_2udc _cBK |
||
| 090 | _c130058 | ||
| 999 |
_c128694 _d128694 |
||